Statistics for Tolkien's Universe Quiz #2

Click here to take the quiz!

General Stats

  • This quiz has been taken 377 times
  • The average score is 13 of 20

Answer Stats

HintAnswer% Correct
Son of Gloin, who travelled from Rivendell as part of the Fellowship of the RingGimli Elf-friend
95%
Brought the One Ring to the Cracks of Doom, defeating Sauron in its destructionFrodo Baggins
89%
The realm of the Witch-kingAngmar
84%
The name of the Hobbit of Stoor-kind who became slave to the One Ring of PowerSmeagol
84%
"In the Land of Mordor where Shadows..."Lie
80%
"Three Rings for the Elven-kings under the..."Sky
79%
A descendant of Girion the Lord of Dale, who slew Smaug with the Black ArrowBard I
79%
The world became bent after the destruction of this kingdomNumenor
75%
The Horse-lords of RohanThe Rohirrim
75%
"Nine for Mortal Men..."Doomed to die
74%
Known as the Great JewelsThe Silmarils
73%
"Seven for the Dwarf-lords in their..."Halls of stone
68%
The Land of the Powers, founded by the Valar after Melkors destructionValinor
68%
"One for the Dark Lord on his..."Dark throne
64%
The North-kingdom of the DunedainArnor
62%
In the final battle that saw the ultimate defeat of Morgoth, this land was destroyedBeleriand
56%
Morgoth's highly fortified citadel, constructed in the earliest days of the worldAngband
54%
The Uruk commanding Cirith Ungol at the end of the Third AgeShagrat
41%
Where a Dwarf-realm was founded by Gror having been driven from the Grey MountainsThe Iron Hills
36%
The true name for the desert region commonly called South GondorHarondor
10%

Score Distribution

Percentile by Number Answered

Percent of People with Each Score

Your Score History

You have not taken this quiz